000 00405nmm a2200145Ia 4500
008 251105s9999||||xx |||||||||||||||||und||
041 _aspa
100 _aNavarro Soriano, Esteban
245 0 _aEl buen padre
264 _a[Madrid, España] :
_bEdiciones B,
_c2012
300 _a352 páginas
650 _aThriller & Suspense
856 _uhttps://public.digitaliapublishing.com/a/52949
942 _cCF
999 _c104548
_d104548